000 nam a22 7a 4500
999 _c9411
_d9411
008 180129b ||||| |||| 00| 0 eng d
100 _aBhandari N S
_95632
245 _aPhysics : Cbse & NCERT Syllabus & cbse sample papers - XII
260 _aNew Delhi
_bRachna Publication
_c2007